Pays du monde dans l'ordre alphabétique - Avec réponse - Statistiques

Statistiques générales
  • Ce quiz a été pris 12 fois
  • Le résultat moyen est 37 sur 196
Statistiques - réponses
Précédent Suivant % Correct
Zimbabwe Afghanistan
88%
Afghanistan Afrique du Sud
88%
Afrique du Sud Albanie
63%
Albanie Algérie
50%
Algérie Allemagne
38%
Allemagne Andorre
38%
Andorre Angola
38%
Angola Antigua-et-Barbuda
38%
Antigua-et-Barbuda Arabie Saoudite
38%
Arabie Saoudite Argentine
38%
Argentine Arménie
38%
Arménie Australie
38%
Australie Autriche
38%
Autriche Azerbaïdjan
38%
Azerbaïdjan Bahamas
38%
Bahamas Bahreïn
38%
Bahreïn Bangladesh
38%
Bangladesh Barbade
38%
Barbade Belgique
38%
Belgique Belize
38%
Belize Bénin
38%
Bénin Bhoutan
38%
Bhoutan Biélorussie
38%
Biélorussie Bolivie
38%
Bolivie Bosnie-Herzégovine
38%
Bosnie-Herzégovine Botswana
25%
Botswana Brésil
25%
Brésil Brunei
25%
Brunei Bulgarie
25%
Bulgarie Burkina Faso
25%
Burkina Faso Burundi
25%
Burundi Cambodge
25%
Cambodge Cameroun
25%
Cameroun Canada
25%
Canada Cap-Vert
25%
Cap-Vert Chili
25%
Chili Chine
25%
Chine Chypre
25%
Chypre Colombie
25%
Colombie Comores
25%
Comores Corée du Nord
25%
Corée du Nord Corée du Sud
25%
Corée du Sud Costa Rica
25%
Costa Rica Côte d'Ivoire
25%
Côte d'Ivoire Croatie
25%
Croatie Cuba
25%
Cuba Danemark
25%
Danemark Djibouti
25%
Djibouti Dominique
25%
Dominique Égypte
25%
Égypte Émirats Arabes Unis
25%
Émirats Arabes Unis Équateur
25%
Équateur Érythrée
25%
Érythrée Espagne
25%
Espagne Estonie
25%
Estonie Eswatini
25%
Eswatini États Fédérés de Micronésie
25%
États Fédérés de Micronésie États-Unis
25%
États-Unis Éthiopie
25%
Éthiopie Fidji
25%
Fidji Finlande
25%
Finlande France
25%
France Gabon
25%
Gabon Gambie
25%
Zambie Zimbabwe
25%
Gambie Géorgie
13%
Géorgie Ghana
13%
Ghana Grèce
13%
Grèce Grenade
13%
Grenade Guatemala
13%
Guatemala Guinée
13%
Guinée Équatoriale Guinée-Bissau
13%
Guinée Guinée Équatoriale
13%
Guinée-Bissau Guyana
13%
Guyana Haïti
13%
Haïti Honduras
13%
Honduras Hongrie
13%
Hongrie Îles Marshall
13%
Îles Marshall Îles Salomon
13%
Îles Salomon Inde
13%
Inde Indonésie
13%
Indonésie Irak
13%
Irak Iran
13%
Iran Irlande
13%
Irlande Islande
13%
Islande Israël
13%
Israël Italie
13%
Italie Jamaïque
13%
Jamaïque Japon
13%
Japon Jordanie
13%
Jordanie Kazakhstan
13%
Kazakhstan Kenya
13%
Kenya Kirghizistan
13%
Kirghizistan Kiribati
13%
Kiribati Kosovo
13%
Kosovo Koweït
13%
Koweït Laos
13%
Laos Lesotho
13%
Lesotho Lettonie
13%
Lettonie Liban
13%
Liban Liberia
13%
Liberia Libye
13%
Libye Liechtenstein
13%
Liechtenstein Lituanie
13%
Lituanie Luxembourg
13%
Luxembourg Macédoine du Nord
13%
Macédoine du Nord Madagascar
13%
Madagascar Malaisie
13%
Malaisie Malawi
13%
Malawi Maldives
13%
Maldives Mali
13%
Mali Malte
13%
Malte Maroc
13%
Maroc Maurice
13%
Maurice Mauritanie
13%
Mauritanie Mexique
13%
Mexique Moldavie
13%
Moldavie Monaco
13%
Monaco Mongolie
13%
Mongolie Monténégro
13%
Monténégro Mozambique
13%
Mozambique Myanmar
13%
Myanmar Namibie
13%
Namibie Nauru
13%
Nauru Népal
13%
Népal Nicaragua
13%
Nicaragua Niger
13%
Niger Nigeria
13%
Nigeria Norvège
13%
Norvège Nouvelle-Zélande
13%
Nouvelle-Zélande Oman
13%
Oman Ouganda
13%
Ouganda Ouzbékistan
13%
Ouzbékistan Pakistan
13%
Pakistan Palaos
13%
Palaos Panama
13%
Panama Papouasie-Nouvelle- Guinée
13%
Papouasie-Nouvelle- Guinée Paraguay
13%
Paraguay Pays-Bas
13%
Pays-Bas Pérou
13%
Pérou Philippines
13%
Philippines Pologne
13%
Pologne Portugal
13%
Portugal Qatar
13%
Qatar République Centrafricaine
13%
République Centrafricaine République Démocratique du Congo
13%
République Démocratique du Congo République Dominicaine
13%
République Dominicaine République du Congo
13%
République du Congo Roumanie
13%
Roumanie Royaume-Uni
13%
Royaume-Uni Russie
13%
Russie Rwanda
13%
Rwanda Saint-Christophe- et-Niévès
13%
Saint-Vincent-et-les- Grenadines Sainte-Lucie
13%
Saint-Christophe- et-Niévès Saint-Marin
13%
Saint-Marin Saint-Vincent-et-les-Grenadines
13%
Sainte-Lucie Salvador
13%
Salvador Samoa
13%
Samoa Sao Tomé-et-Principe
13%
Sao Tomé-et-Principe Sénégal
13%
Sénégal Serbie
13%
Serbie Seychelles
13%
Seychelles Sierra Leone
13%
Sierra Leone Singapour
13%
Singapour Slovaquie
13%
Slovaquie Slovénie
13%
Slovénie Somalie
13%
Somalie Soudan
13%
Soudan Soudan du Sud
13%
Soudan du Sud Sri Lanka
13%
Sri Lanka Suède
13%
Suède Suisse
13%
Suisse Suriname
13%
Suriname Syrie
13%
Syrie Tadjikistan
13%
Tadjikistan Taïwan
13%
Taïwan Tanzanie
13%
Tanzanie Tchad
13%
Tchad Tchéquie
13%
Tchéquie Thaïlande
13%
Thaïlande Timor Oriental
13%
Timor Oriental Togo
13%
Togo Tonga
13%
Tonga Trinité-et-Tobago
13%
Trinité-et-Tobago Tunisie
13%
Tunisie Turkménistan
13%
Turkménistan Turquie
13%
Turquie Tuvalu
13%
Tuvalu Ukraine
13%
Ukraine Uruguay
13%
Uruguay Vanuatu
13%
Vanuatu Vatican
13%
Vatican Venezuela
13%
Venezuela Viêt Nam
13%
Viêt Nam Yémen
13%
Yémen Zambie
13%
Aucun quiz correspondant
Distribution des résultats
% des personnes avec chaque résultat
Percentile par nombre de réponses
Votre historique - résultats
Vous n’avez pas pris ce quiz